00706nac a22002051u 4500010001600000020001700016082001500033090001500048100003400063245009700097260004500194300003300239500002000272500002600292511002400318650002300342942001700365999001500382952010300397 a 94037155 a0827365950 :00a697.4bSIE c8455d8455 aSiegenthaler, John. 10aModern hydronic heating for residential and light commercial buildings /cJohn Siegenthaler. aAlbany :bDelmar Publishers,1995cc1995. axi, 449 p. :bill. ;c29 cm. aIncludes index. aDistributer: Al-Ahram aCatalogued by: Sara 0aHot-water heating. cBBk697.4SIE c8455d8455 00104070aMAINbMAINc1STd2008-03-09ePurchasel0o697.4SIEp000010251r2025-07-15 00:00:00yBB